00564 2200205 4500001002100000005001700021008004100038035002400079040001200103082001100115090001800126100002400144245006600168250001000234260003200244300002500276650003500301850001200336999001000348YOGYA-0209000006030920090227035752.0 ind  0010-020900000060309 aYOPDYOG a899.23 a899.23bAnw K aANWAR, Rosihan Haji aKisah-kisah Jakarta setelah proklamasicoleh, H.Rosihan Anwar aCet.1 aJakartabPustaka Jayac1977 a116 hlmbilusc20 cm aKesasteraan Indonesia - Cerita aYOPDYOG a58297